000 00870nam a2200253 a 4500
001 26007
003 CO-ViMGA
008 141112s2004 ck r 000 u spa d
020 _a9788408094036
040 _aCO-ViMGA
_bspa
_cCO-ViMGA
041 _aspa fre
082 0 4 _a843.92 L28C
100 1 _aLevy, Marc, 1961 -
_940595
245 1 0 _aLas cosas que no nos dijimos /
_cMarc Levy ; traducción de Isabel González - Gallarza
250 _a1a. ed., 10a. impresión
260 _aBarcelona :
_bPlaneta,
_cimpresión 2012
300 _a346 p. ; 19 cm
490 _aBooket. Novela; 2319
500 _aIncluye datos biográficos del autor
650 1 4 _aNovela francesa - Siglo XXI
_940596
917 _a2014 - 3390 1 ejemplar (importado)
942 _2ddc
_cBK
990 _a2014 - 3390 Grupo Planeta 1 ejemplar (importado) 21 25/03/2014 a917685 19/03/2014 17/03/2014
999 _c33239
_d33239